000 00371pab a2200157 454500
008 180718b2010 xxu||||| |||| 00| 0 eng d
100 _aChathanatt, John
245 _aViolence and beyond: a search for an alternative
260 _c2010
300 _ap.273-85.
362 _aJul-Sep
650 _aViolence
773 _aSocial Action
908 _aN
909 _a87194
999 _c87194
_d87194